Library of the University of Algiers 3
Ibrahim Sultan Cheibout
شعار جامعة الجزائر 3
مكتبة جامعة الجزائر 3
إبراهيم سلطان شيبوط

تصنيف ديوي العشري (رقم التسجيلة. 12008)

تفاصيل مارك
000 -LEADER
fixed length control field 00612nam a2200205Ia 4500
003 - CONTROL NUMBER IDENTIFIER
control field IEPS
005 - DATE AND TIME OF LATEST TRANSACTION
control field 20250703135254.0
008 - FIXED-LENGTH DATA ELEMENTS--GENERAL INFORMATION
fixed length control field 250223s9999||||xx |||||||||||||| ||und||
020 ## - INTERNATIONAL STANDARD BOOK NUMBER
International Standard Book Number 140308977
040 ## - CATALOGING SOURCE
-- IEPS
041 ## - LANGUAGE CODE
Language code of text/sound track or separate title ara
082 ## - DEWEY DECIMAL CLASSIFICATION NUMBER
Classification number 025.431
100 ## - MAIN ENTRY--PERSONAL NAME
Personal name شريف محمد عبد الجواد
245 #0 - TITLE STATEMENT
Title تصنيف ديوي العشري
245 #0 - TITLE STATEMENT
Remainder of title الكشاف النسبي
260 ## - PUBLICATION, DISTRIBUTION, ETC.
Place of publication, distribution, etc. الاسكندرية
Name of publisher, distributor, etc. العلم و الايمان للنشر و التوزيع
Date of publication, distribution, etc. 2008
300 ## - PHYSICAL DESCRIPTION
Extent 367 ص.
Other physical details جداول
Dimensions 24 سم.
653 ## - INDEX TERM--UNCONTROLLED
Uncontrolled term تصنيف ديوي العشري
942 ## - ADDED ENTRY ELEMENTS (KOHA)
Koha item type كتب
المقتنيات
Withdrawn status Lost status Source of classification or shelving scheme Damaged status Not for loan Home library Current library Date acquired Inventory number Total checkouts Full call number Barcode Date last seen Copy number Price effective from Koha item type
    Dewey Decimal Classification   NOT LOAN / إعارة داخلية مكتبة معهد التربية البدنية و الرياضية مكتبة معهد التربية البدنية و الرياضية 23/02/2025 invar2-3277   025.431 ش م ت / 1 invar2-3277 23/02/2025 ل ع 1094 - ج 2 / 1 23/02/2025 كتب
    Dewey Decimal Classification   Available مكتبة معهد التربية البدنية و الرياضية مكتبة معهد التربية البدنية و الرياضية 23/02/2025 invar2-3278   025.431 ش م ت / 2 invar2-3278 23/02/2025 ل ع 1094 - ج 2 / 2 23/02/2025 كتب

موارد الويب المفتوحة


© University of Algiers 3 All Rights Reserved
|
Implemented by LECHELAH Riad